[Event "IECG CN.2002.0.00288 email"]
[Site "IECG email"]
[Date "2002.04.03"]
[Round "?"]
[White "Deiana, Michele"]
[Black "Hazen, Vian"]
[Result "0-1"]
[WhiteElo "800"]
[BlackElo "800"]
[PlyCount "44"]
[EventDate "2002.04.03"]
[EventType "tourn (corr)"]
[EventRounds "6"]
[SourceTitle "Corr 2008"]
[Source "ChessBase"]
[SourceDate "2008.06.24"]
[SourceVersion "1"]
[SourceVersionDate "2008.06.24"]
[SourceQuality "1"]

1. e4 c5 2. Nc3 e6 3. g3 Nc6 4. Nf3 Qb6 5. b3 Be7 6. Na4 Qb4 7. Bd3 Nf6 8. Qe2 0-0 9. e5 Nd5 10. Be4 f5 11. Bxd5 exd5 12. Ng5 Bxg5 13. Qh5 Qe4+ 14. Qe2 Qxh1+ 15. Qf1 Qe4+ 16. Qe2 Nd4 17. Qxe4 fxe4 18. Kf1 d6 19. Nc3 Bh3+ 20. Ke1 Rxf2 21. Kxf2 Rf8+ 22. Ke1 Rf1# 0-1